| 000 | 00665nam a2200241Ia 4500 | ||
|---|---|---|---|
| 003 | OSt | ||
| 005 | 20220925235318.0 | ||
| 006 | a|||||r|||| 00| 0 | ||
| 007 | ta | ||
| 008 | 220923b |||||||| |||| 00| 0 eng d | ||
| 037 | _cGeneral Book | ||
| 040 |
_aRTL _cRTL _beng |
||
| 041 |
_2eng _aeng |
||
| 082 | _aV1,N45, N6/UN | ||
| 100 |
_aJuyal Shreesh _9301176 |
||
| 245 | 0 | _aUnited Nations new perspectives | |
| 260 |
_a New Delhi _bCreative Books India _c1996 |
||
| 300 |
_axiii, 239p. _ccm. |
||
| 490 | _aICUNP Occasional series | ||
| 650 | _aHistory | ||
| 942 |
_hV1,N45, N6/UN _cGB _2CC |
||
| 999 |
_c597106 _d597106 |
||